000 00523cam a2200205ua 4500
001 2539
008 110826n ii |||gr||||Z||||||asm
040 _cMAIN
082 _a410
100 1 _aed. Thakur, Nagen,
_eAuthor.
245 1 _aBhasha chinta bichitta
_ced. by Nagen Thakur
250 _a1st.
260 _aGuahati:
_bPuberun,
_c2000.
300 _a343p:
_c23cm.
653 _aLanguage
653 _aAssamese language
653 _aBhasha chinta bichitta
700 _aed, Deka, Khagesh Sen,
_eAuthor.
942 _cBK
999 _c2392
_d2392